Сборник руководящих материалов по геолого-экономической оценке месторождений полезных ископаемых: в 3 т.; Т. 1

Detaylı Bibliyografya
Müşterek Yazar: СССР Государственная комиссия по запасам полезных ископаемых
Dil:Rusça
Baskı/Yayın Bilgisi: Москва, ГКЗ СССР, 1985
Konular:
Materyal Türü: Kitap
KOHA link:https://koha.lib.tpu.ru/cgi-bin/koha/opac-detail.pl?biblionumber=85320

MARC

LEADER 00000nam0a2200000 4500
001 85320
005 20250516165310.0
035 |a (RuTPU)RU\TPU\book\91694 
090 |a 85320 
100 |a 20051112g1985 k a0rusy5003 ca 
101 0 |a rus 
102 |a RU 
105 |a y l 000zy 
200 1 |a Сборник руководящих материалов по геолого-экономической оценке месторождений полезных ископаемых  |e в 3 т.  |f Государственная комисссия по запасам полезных ископаемых при Совете Министров СССР  |h Т. 1 
210 |a Москва  |c ГКЗ СССР  |d 1985 
215 |d 23 см 
610 1 |a полезных ископаемых 
610 1 |a месторождения 
610 1 |a нормативные материалы 
610 1 |a руководящие материалы 
610 1 |a оценка 
675 |a 553.042 
712 0 1 |a СССР  |b Государственная комиссия по запасам полезных ископаемых  |c (Москва)  |c (1954-1991)  |9 27690 
801 0 |a RU  |b RuMRKP  |c 19960705  |g psbo 
801 1 |a RU  |b 63413507  |c 20051112  |g PSBO 
801 2 |a RU  |b 63413507  |c 20051226  |g PSBO 
850 |a 63413507 
942 |c BK